| 000 | 01164nam a2200313 i 4500 | ||
|---|---|---|---|
| 003 | EG-GICUC | ||
| 005 | 20260217081246.0 | ||
| 008 | 260217s1934 fr ||||fr|||| 00| 0 fre d | ||
| 040 |
_aEG-GiCUC _bfre _cEG-GiCUC _dEG-GiCUC _eRda |
||
| 041 | 0 | _afre | |
| 082 | 0 | 4 |
_221 _a341.8 _bDA . R |
| 092 | 0 | 4 | _221 |
| 099 | _aLaw1 12 341.8 DA . R 1934 | ||
| 100 | 1 |
_aDarras , A _eAuteur |
|
| 245 | 1 | 0 |
_aRépertoire De Droit International : _bCondition Des Etrangers Conflit Des Lois. Respect Des Droits Acquis. Lois Pénales. Nationalite. Jugements. Procédure, Etc, _pSupplément / _cFonde Par A Darras ; Publie Par A. De La Pradelle, Et J.-p. Niboyet. |
| 264 | 1 |
_aParis : _bRecueil Sirey, _c1934. |
|
| 300 |
_a480 page, _c 24 cm. _billustration ; |
||
| 336 |
_2rda contenu _a texte |
||
| 337 |
_2rda medias _aOrdinateur |
||
| 338 |
_2 transporteur rda _a Ressource en ligne |
||
| 546 | _aTexte en français | ||
| 650 | 1 | 4 |
_aDroit international privé _2 |
| 651 | 1 | _2 | |
| 700 | 1 |
_aDe La Pradelle , A _eCo-Auteur |
|
| 700 | 1 |
_aNiboyet, J.-p _eCo-Auteur |
|
| 856 | 4 | 0 | _uhttps://fll.law.cu.edu.eg/fulltext/bks/B12-02213.pdf |
| 905 | _a48 | ||
| 942 |
_2ddc _cBK _e21 _n0 |
||
| 999 |
_c63228 _d63228 |
||